| 000 | 00626nam a2200181Ia 4500 | ||
|---|---|---|---|
| 008 | 100921s9999 xx 000 0 und d | ||
| 082 |
_b31874 _a808.068 थ 99 |
||
| 100 | _aदिवाण वृंदा. | ||
| 245 | _aफुलवा. | ||
| 260 |
_bसुरभी प्रकाशन, औरंगाबाद. _c1999 |
||
| 300 |
_a64 _bमयुरेष बुक एजन्सी,कराड |
||
| 365 | _b30 | ||
| 520 | _aललित-बालवाङ्रमय. | ||
| 630 | _aफुलवा. | ||
| 650 | _aललित-बालवाङ्रमय. | ||
| 730 | _aफुलवा. | ||
| 942 | _cBOOK | ||
| 999 |
_c780987 _d780984 |
||